00910cam a2200265 a 4500008004100000020002300041049000900064090001500073245009200088250001200180260005200192300005100244500002000295650001800315650002900333650001800362700002500380907003500405003000100440005001700441040000900458942002200467999001900489952013600508  a0073048763 (pbk. ) aMAIN aQD415bCHE00aChemistry in context :bapplying chemistry to society /cLucy Pryde Eubanks... [et al.] a6th ed. aBoston :bMcGraw-Hill Higher Education,cc2009. axix, 586 p. :bcol. ill. + col. maps ;c28 cm. aIncludes index. 0aBiochemistry. 0aEnvironmental chemistry. 0aGeochemistry.1 aEubanks, Lucy Pryde. a.b10294429b20-07-11c06-04-1120230123125217.0 cNUST cBOOKSkQD415mCHE c137634d137634 r2023-01-23 00:00:00l1oQD415 EUBp92004019679v80.00w2023-01-23yBOOKS102LCC40708NFIC00aMAINbMAINcGENd2023-01-23g80.00